| 000 | 01219nam a22004457a 4500 | ||
|---|---|---|---|
| 005 | 20231211154528.0 | ||
| 008 | 180514b2008 xxu||||| |||| 00| 0 spa d | ||
| 020 | _a9789682804236 | ||
| 041 | _aESP | ||
| 082 | _a640 B831s | ||
| 100 |
_aBredenberg, Jeff _947014 |
||
| 245 | _aSoluciones inmediatas a problemas cotidianos: arreglos prácticos en cinco minutos | ||
| 260 | _aMéxico | ||
| 260 | _bReader's Digest | ||
| 260 | _c2008 | ||
| 300 | _a383 páginas | ||
| 650 | _aVIVIENDA | ||
| 650 | _aECONOMÍA DOMÉSTICA | ||
| 650 | _aREPARACIONES EN EL HOGAR | ||
| 650 | _aCUIDADOS DEL HOGAR | ||
| 650 | _aDECORACIÓN Y ORGANIZACIÓN | ||
| 650 | _aCONTRATIEMPOS EN COCINA | ||
| 650 | _aREPARACIONES EN EXTERIORES | ||
| 650 | _aJARDINERÍA | ||
| 650 | _aVESTIMENTA | ||
| 650 | _aASPECTO | ||
| 650 | _aVIDA SOCIAL | ||
| 650 | _aFIESTAS | ||
| 650 | _aPLANIFICACIÓN | ||
| 650 | _aMODALES | ||
| 650 | _aHABLAR CORRECTAMENTE | ||
| 650 | _aCOMUNICACIÓN SOCIAL | ||
| 650 | _aCOMPORTAMIENTO EN LA MESA | ||
| 650 | _aRELACIONES COMERCIALES | ||
| 650 | _aVIDA COTIDIANA | ||
| 650 | _aVIAJE | ||
| 650 | _aSALUD E HIGIENE | ||
| 650 | _aURGENCIAS MÉDICAS MENORES | ||
| 942 |
_cBK _2ddc |
||
| 999 |
_c10622 _d10622 |
||